Представление документа в формате MARC21

Поле Инд. ПП Название Значение
Тип записи a
Библиографический уровень m
001 Контрольный номер RU/LIBMSTU/306848692
005 Дата корректировки 20151027105843.9
008 Кодируемые данные 091001|||||||||ru |||||||||||000|||rus||
020 a ISBN 5-02-025095-3
c Цена, тираж 150-00
040 b Код языка каталог. rus
041 0_ a Код языка текста rus
084 a Индекс другой классификации/Индекс ББК 26.3+26.32+26.31
090 a Полочн. индекс 26.3
x Авторский знак Г 36
245 10 a Заглавие Геология архея Балтийского щита
c Ответственность [Козлов Н. Е и др. ; отв. ред. В. П. Петров] ; Рос. акад. наук, Кольский науч. центр, Геол. ин-т
260 a Место издания Санкт-Петербург
b Издательство Наука
c Дата издания 2006
300 a Объем 328 с.
504 a Библиография Библиогр.: с. 302-325
650 04 a Основная рубрика Балтийский щит-Геология архея
650 14 a Основная рубрика Историческая геология
653 0_ a Ключевые слова Архейские домены
a Ключевые слова Балтийский щит
a Ключевые слова Историческая геология
a Ключевые слова Литосфера
a Ключевые слова Тектоника
700 12 a Другие авторы Козлов Е. Н.
e Роль лиц авт.
700 1_ a Другие авторы Петров В. П.
e Роль лиц ред.
901 t Тип документа m